World Capitals Closest to Suva - Statistics

General Stats
  • This quiz has been taken 248 times
  • The average score is 14 of 20
Answer Stats
km capital miles % Correct
2597 Wellington 1614
94%
3461 Canberra 2151
92%
7281 Manila 4524
83%
3509 Port Moresby 2181
83%
1153 Apia 716
77%
1076 Funafuti 669
76%
5805 Dili 3607
75%
2219 Honiara 1379
74%
1071 Port Vila 666
73%
745 Nuku'alofa 463
71%
5596 Ngerulmud 3477
69%
3571 Palikir 2219
69%
2251 South Tarawa 1398
69%
7818 Taipei 4858
69%
2330 Yaren 1448
68%
7250 Tokyo 4505
66%
2916 Majuro 1812
64%
7422 Bandar Seri Begawan 4612
52%
1233 Alofi 766
24%
2304 Avarua 1432
23%
No matching quizzes found
Score Distribution
Percent of People with Each Score
Percentile by Number Answered
Your Score History
You have not taken this quiz